Inositols: A potential secondary metabolite in natural rubber latex (Record no. 53098)

MARC details
000 -LEADER
fixed length control field 00423nam a2200145Ia 4500
100 ## - MAIN ENTRY--AUTHOR NAME
Personal name Gopalakrishnan J
245 #0 - TITLE STATEMENT
Title Inositols: A potential secondary metabolite in natural rubber latex
260 ## - PUBLICATION, DISTRIBUTION, ETC. (IMPRINT)
Name of publisher XVIIth Swadeshi Science Congress, 6-8 November 2007, Kozhikode
650 ## - SUBJECT ADDED ENTRY--TOPICAL TERM
Topical Term Inositols
650 ## - SUBJECT ADDED ENTRY--TOPICAL TERM
Topical Term NR latex
700 ## - ADDED ENTRY--PERSONAL NAME
Personal name Jacob J
700 ## - ADDED ENTRY--PERSONAL NAME
Personal name Thomas M
942 ## - ADDED ENTRY ELEMENTS (KOHA)
Koha item type Bibliography STAF
Holdings
Withdrawn status Lost status Damaged status Not for loan Home library Current library Date acquired Koha item type
      Bibliography RRII Library RRII Library 09/04/2014 Bibliography STAF